000 01126nam a22002655i 4500
001 157765
003 ES-MaACL
005 20250930063136.0
008 040819s1779 gw a |||| | ger d
040 _aCAM
_bspa
_cCAM
100 0 _aLinné, Carl von,
_d1707-1778
_972451
245 1 0 _aDes Ritters Carl von Linne' ... Natursystem des Mineralreichs
_b: nach der zwolsten lateinischen Ausgabe in einer freyen und vermehrten Uebersestung von Johann Friederich Gmelin ...; Vierter Theil...
260 _aNurnberg :
_bvey Gabriel Nicolaus Raspe,
_c1779.
300 _aLXIV, 528 [i.e. 548], [10], [2] en bl. p., [30] h. de grab. ;
_c8º.
597 _aSign.: a-d\p8\s, A-2L\p8\s, 2M\p8\s.
597 _aLetra gótica.
597 _aError de paginación en la última pag.
599 _aLas h. pleg. de grab. calc. representado fósiles.
650 4 _aMinerales.
_915052
700 1 1 _aGmelin, Johann Friederich.
_9127344
700 1 1 _aRaspe, Gabriel Nicolaus,
_eed.
_9131617
752 _aAlemania -
_dNuremberg
852 _aES-MaACL
_jR-817-20
_z-- Enc. piel
_xOlim: G-2879-82
999 _c157765
_d157765